00226nam a2200073Ia 4500082002300000245002800023100006000051008004100111 aTSO 896.39782 LUBI 0aVahloti : Tsonga drama  a LUBISI, C M (Conny Masocha) Cape Town, 1991 1st ed 210816s9999 xx 000 0 und d